000 00697nam a2200241Ia 4500
003 OSt
005 20221005101821.0
006 a|||||r|||| 00| 0
007 ta
008 221004b |||||||| |||| 00| 0 snd d
024 _a2322
037 _bGift, 16/01/2013,
_cTextual
040 _aCRL
_cCRL
_bsnd
041 _2snd
_asnd
082 _aO1593,1:g, Q0
100 _aLachhani Jagdish
_9207644
245 0 _aNasri nazm ain une jo adabi pusamunzer
260 _aUlhasnagar
_bVeena Publication India
_c2010
300 _a126p.
_ccm.
650 _aSINDHI LITERATURE
942 _hO1593,1:g, Q0
_cTEXL
_2cc
999 _c1007442
_d1007442